000 02059nam0a2200409 4500
001 RU\NLR\BIBL_A\012599274
005 20221226105923.0
010 _a978-5-9903791-6-9
_9100
021 _aRU
_bКН-П-21-032346
_9КН-П-21-2518
035 _a(NLR Aleph) 012599274
090 _a12577059
_c12577059
100 _a20210921d2020 u y0rusy50 ca
101 0 _arus
102 _aRU
105 _aachbz|||010zy
181 0 _ab2
_bxb2e
181 0 _ai2
_baxxe
182 0 _an
200 1 _a30 лет АМКОС
_e[книга-летопись]
_fОбщероссийская общественная организация Ассоциация музеев космонавтики России (АМКОС)
_gавтор-составитель: Н.С. Кирдода
_gредакционный совет: Джанибеков В.А. (председатель) [и др.]
203 _aИзображение
_aТекст
_bвизуальные
_cнепосредственные
205 _aИзд. 2-е, испр. и доп.
210 _aМосква
_cОбщероссийская общественная организация "Ассоциация музеев космонавтики России"
_d2020
215 _a422, [2] с.
_cил., цв. ил., портр., факс., карт.
_d27х27
300 _aНа обл.: АМКОС 30
313 _a1 изд. нет
512 1 _aАМКОС 30
601 0 2 _aАссоциация музеев космонавтики России
_xИстория
_z1989 - 2019
_92518442
_3RU\NLR\AUTH\6601707077
686 1 _aО6е(2)л61г
702 1 _aКирдода
_bН. С.
_gНина Семеновна
_4220
702 1 _aДжанибеков
_bВ. А.
_gВладимир Александрович
_4340
711 0 2 _aАссоциация музеев космонавтики России
_9348326
_3RU\NLR\AUTH\8810231664
942 _cBOOK
980 _aNBR
980 _aNB